000 00762nam a2200205Ii 4500
003 JO-AjNU
008 230605s9999||||xx |||||||||||||| ||und||
040 _aJO-AjNU
_bara
_erda
_cJO-AjNU
041 _aara
050 1 4 _aLB1027.D876 2004
100 3 _aالدريج،محمد,
_eauthor
_911836
245 0 0 _aالتدريس الهادف من نموذج التدريس بالأهداف إلى نموذج التدريس بالكفايات
250 _aط1
264 3 1 _aالعين:دار الكتاب الجامعي،2004
300 _a401ص
336 _atext
_btxt
_2rdacontent
337 _aunmediated
_bn
_2rdamedia
338 _avolume
_bnc
_2rdacarrier
650 4 _aتدريس-أساليب. التربية و التعليم-أهداف وغايات.
_911837
999 _aA2528
_c6096
_d6096